Normal view
MARC view
Entry Personal Name
001 - CONTROL NUMBER
- control field: 1013
003 - CONTROL NUMBER IDENTIFIER
- control field: PK-NaQUE
005 - DATE AND TIME OF LATEST TRANSACTION
- control field: 20260629111933.0
008 - FIXED-LENGTH DATA ELEMENTS
- fixed length control field: 260629|| aca||aabn | a|a d
040 ## - CATALOGING SOURCE
- Original cataloging agency: PK-NaQUE
- Transcribing agency: PK-NaQUE
100 ## - HEADING--PERSONAL NAME
- Personal name: Abdul Mannan
- Personal name: 19-MSM-01
- Personal name: Supervisor - Dr. Kamran Nazir Memon
670 ## - SOURCE DATA FOUND
- Source citation: Work cat.: (PK-NaQUE)69073: Abdul Mannan 19-MSM-01 Supervisor - Dr. Kamran Nazir Memon, Expact Solution for Phan Thien Tanner Fluid Through Circular Tank with Slip ( Thesis MS), 2025